Marvel Movies A-Z - Statistics

General Stats
  • This quiz has been taken 70 times
  • The average score is 66 of 98
Answer Stats
Hint Answer % Correct
Marvel Ant-Man
96%
The Avengers
93%
The Avengers: Doomsday
93%
The Avengers: Endgame
93%
The Avengers: Infinity War
93%
The Avengers: Secret Wars
93%
Thor
93%
Captain America
91%
Captain America
91%
Captain America 2: Death Too Soon
91%
Captain America: Brave New World
91%
Captain America: Civil War
91%
Captain America: The First Avenger
91%
Captain America: The Winter Soldier
91%
Hulk
91%
Hulk
91%
Hulk
91%
Hulk Returns
91%
Iron Man
91%
The Death of Hulk
91%
The Trial of Hulk
91%
Ant-Man and The Wasp
86%
Ant-Man and The Wasp: Quantumania
86%
Spider-Man
86%
Spider-Man 2
86%
Spider-Man 3
86%
Spider-Man: Across The Spider-Verse
86%
Spider-Man: Beyond the Spider-Verse
86%
Spider-Man: Far From Home
86%
Spider-Man: Homecoming
86%
Spider-Man: Into the Spider-Verse
86%
Spider-Man: No Way Home
86%
Spider-Man Strikes Back
86%
Spider-Man: The Dragon's Challenge
86%
The Amazing Spider-Man
86%
The Amazing Spider-Man
86%
The Amazing Spider-Man 2
86%
Black Widow
82%
Black Panther
80%
Iron Man 2
79%
Iron Man 3
79%
Doctor Strange
75%
Doctor Strange
75%
Guardians Of The Galaxy
75%
Guardians Of The Galaxy Holiday Special
73%
Guardians Of The Galaxy Vol. 2
73%
Guardians Of The Galaxy Vol. 3
73%
X-Men
73%
Captain Marvel
71%
Thor: Love and Thunder
71%
Thor: Ragnarok
71%
X2: X-Men United
71%
X-Men: Apocalypse
71%
X-Men: Dark Phoenix
71%
X-Men: Days Of Future Past
71%
X-Men: First Class
71%
X-Men: The Last Stand
71%
Black Panther: Wakanda Forever
70%
Thor: The Dark World
70%
Deadpool
68%
Fantastic Four
66%
Fantastic Four
66%
Fantastic Four
66%
The Marvels
66%
Eternals
63%
Deadpool 2
61%
Deadpool & Wolverine
61%
The Wolverine
57%
Daredevil
55%
Blade
54%
Blade
54%
Blade: Trinity
54%
Logan
52%
Shang-Chi and The Legend of the Ten Rings
52%
Elektra
50%
Venom
50%
The Punisher
48%
The Punisher
48%
Venom: Let There Be Carnage
45%
Ghost Rider
41%
Howard The Duck
41%
The New Mutants
41%
Thunderbolts
41%
Venom: The Last Dance
41%
Blade 2
39%
Kraven The Hunter
39%
Madame Web
38%
Fantastic Four: Rise of the Silver Surfer
36%
Doctor Strange In The Multiverse of Madness
34%
Morbius
34%
Ghost Rider: Spirit of Vengeance
30%
The Punisher: War Zone
27%
Man-Thing
21%
Werewolf by Night
21%
Fantastic Four: First Steps
18%
Nick Fury: Agent of Shield
13%
Generation X
9%
Shang-Chi Movie
2%
No matching quizzes found
Score Distribution
Percent of People with Each Score
Percentile by Number Answered
Your Score History
You have not taken this quiz